000 00798cam a2200301 4500500
005 20260405003816.0
041 _afre
042 _adc
100 1 0 _aKlein, Étienne
_eauthor
245 0 0 _aY a-t-il des bons et des méchants ?
260 _c2023.
500 _a42
690 _aAmi
690 _aBien
690 _aBonté
690 _aEnnemi
690 _aInnocence
690 _aIsraël
690 _aMal
690 _aManichéisme
690 _aMéchanceté
690 _aMichaël Fœssel
690 _aPalestine
690 _aSusan Neiman
690 _aViolence
786 0 _nPhilosophie magazine | 175 | 12 | 2023-12-01 | p. 22-22 | 1951-1787
856 4 1 _uhttps://shs.cairn.info/magazine-philosophie-magazine-2023-12-1-page-22?lang=fr&redirect-ssocas=7080
999 _c2071025
_d2071025